<?xml version="1.0" encoding="UTF-8"?>
<collection xmlns="http://www.loc.gov/MARC21/slim">
 <record>
  <leader>05320nam a2200337 a 4500</leader>
  <controlfield tag="001">kal276</controlfield>
  <controlfield tag="003">Gr-AtHEAL</controlfield>
  <controlfield tag="005">20160506145014.0</controlfield>
  <controlfield tag="006">m        d        </controlfield>
  <controlfield tag="008">160413s2015    gr      s           gre|c</controlfield>
  <datafield tag="020" ind1=" " ind2=" ">
   <subfield code="a">9789606030215</subfield>
  </datafield>
  <datafield tag="040" ind1=" " ind2=" ">
   <subfield code="a">GR-AtHEAL</subfield>
   <subfield code="b">gre</subfield>
   <subfield code="c">GR-AtHEAL</subfield>
  </datafield>
  <datafield tag="082" ind1="0" ind2="4">
   <subfield code="a">005</subfield>
   <subfield code="2">23</subfield>
  </datafield>
  <datafield tag="100" ind1="1" ind2=" ">
   <subfield code="a">Συμεωνίδης, Παναγιώτης.</subfield>
   <subfield code="8">510</subfield>
  </datafield>
  <datafield tag="245" ind1="1" ind2="0">
   <subfield code="a">Βάσεις, απόθηκες και εξόρυξη δεδομένων</subfield>
   <subfield code="h">[Ηλεκτρονικός πόρος] </subfield>
   <subfield code="b">Στο εργαστήριο με τον SQL server</subfield>
   <subfield code="c">Συμεωνίδης, Παναγιώτης ; Γούναρης, Αναστάσιος ; Κριτικός αναγνώστης,Θεοδωρίδης, Ιωάννης.</subfield>
  </datafield>
  <datafield tag="260" ind1=" " ind2=" ">
   <subfield code="a">Αθήνα :</subfield>
   <subfield code="b">Σύνδεσμος Ελληνικών Ακαδημαϊκών Βιβλιοθηκών,</subfield>
   <subfield code="c">c2015.</subfield>
  </datafield>
  <datafield tag="490" ind1=" " ind2=" ">
   <subfield code="a">Ακαδημαϊκά Ηλεκτρονικά Συγγράμματα και Βοηθήματα Κάλλιπος</subfield>
   <subfield code="8">40</subfield>
  </datafield>
  <datafield tag="505" ind1="0" ind2=" ">
   <subfield code="a">Το ηλεκτρονικό σύγγραμα περιέχει ένα κεντρικό πίνακα περιεχομένων μέσα από τον οποίο, ο αναγνώστης μπορεί να περιηγηθεί στα 11 κεφάλαια του βιβλίου. Το ebook αποτελείται από δύο μέρη. Τα πρώτα πέντε κεφάλαια αφορούν το πρώτο μέρος και αναφέρονται στις βάσεις δεδομένων, ενώ το δεύτερο μέρος του βιβλίου αφορά τις αποθήκες και την εξόρυξη δεδομένων.</subfield>
  </datafield>
  <datafield tag="520" ind1=" " ind2=" ">
   <subfield code="a">To βιβλίο αφορά έναν πλήρη εργαστηριακό οδηγό για τον SQL Server. Αποτελείται από δύο μέρη, όπου στο πρώτο μέρος αφορά το γνωστικό αντικείμενο των βάσεων δεδομένων, ενώ το δεύτερο μέρος αφορά το γνωστικό αντικείμενο των Αποθηκών και της Εξόρυξης Δεδομένων. Το πρώτο μέρος του βιβλίου περιγράφει τις βασικές λειτουργίες και δυνατότητες που προσφέρονται από ένα σύστημα διαχείρισης βάσεων δεδομένων. Συγκεκριμένα, στο πρώτο μέρος του βιβλίου περιγράφονται σε πέντε κεφάλαια οι δυνατότητες του SQL Server 2014 Management Studio. Ο SQL Server είναι ένα ισχυρό εργαλείο που περιέχει ένα πλήθος δυνατοτήτων, όπως οι εντολές που αφορούν την γλώσσα ορισμού δεδομένων (Data Definition Language), εντολές της γλώσσας χειρισμού δεδομένων (Data Manipulation Language), και την γλώσσα προγραμματισμού Transact-SQL για την δημιουργία αποθηκευμένων διαδικασιών, εναυσμάτων και συναλλαγών. Κάθε κεφάλαιο από τα πέντε του πρώτου μέρους του βιβλίου περιγράφει λεπτομερώς μία από τις παραπάνω δυνατότητες του SQL Server.Τo δεύτερο μέρος του βιβλίου περιγράφει τις βασικές τεχνικές εξόρυξης δεδομένων και τη διαδικασία δημιουργίας κύβων σε αποθήκες δεδομένων. Στο δεύτερο μέρος του βιβλίου περιγράφονται οι παραπάνω τεχνικές, μέσα από τη χρήση του SQL Server 2014 Business Intelligence. Συγκεκριμένα, τα πέντε κεφάλαια του δεύτερου μέρους γίνεται η περιγραφή τεχνικών εξόρυξης όπως decision trees, clustering, association rules, και time series. Τέλος, οι αποθήκες δεδομένων εξετάζονται στο τελευταίο κεφάλαιο του βιβλίου.</subfield>
  </datafield>
  <datafield tag="650" ind1=" " ind2="0">
   <subfield code="a">Data mining.</subfield>
   <subfield code="8">2396</subfield>
  </datafield>
  <datafield tag="653" ind1=" " ind2=" ">
   <subfield code="a">Αποθήκες δεδομένων και εξόρυξη δεδομένων</subfield>
  </datafield>
  <datafield tag="653" ind1=" " ind2=" ">
   <subfield code="a">Βάσεις δεδομένων</subfield>
  </datafield>
  <datafield tag="653" ind1=" " ind2=" ">
   <subfield code="a">Επιστήμη Υπολογιστών/Πληροφορική</subfield>
   <subfield code="a">Διαχείριση πληροφορίας</subfield>
   <subfield code="a">Εξόρυξη δεδομένων</subfield>
  </datafield>
  <datafield tag="653" ind1=" " ind2=" ">
   <subfield code="a">Επιστήμη Υπολογιστών/Πληροφορική</subfield>
   <subfield code="a">Διαχείριση πληροφορίας</subfield>
   <subfield code="a">Συστήματα Βάσεων Δεδομένων</subfield>
  </datafield>
  <datafield tag="700" ind1="1" ind2=" ">
   <subfield code="a">Γούναρης, Αναστάσιος</subfield>
   <subfield code="e">Συγγραφέας</subfield>
   <subfield code="8">1064</subfield>
  </datafield>
  <datafield tag="700" ind1="1" ind2=" ">
   <subfield code="a">Θεοδωρίδης, Ιωάννης</subfield>
   <subfield code="e">Κριτικός αναγνώστης</subfield>
   <subfield code="8">1065</subfield>
  </datafield>
  <datafield tag="856" ind1="4" ind2="0">
   <subfield code="u">http://hdl.handle.net/11419/276</subfield>
   <subfield code="z">Πλήρες Κείμενο - Full text</subfield>
  </datafield>
  <datafield tag="907" ind1=" " ind2=" ">
   <subfield code="a">.b25679041</subfield>
   <subfield code="b">12-06-18</subfield>
   <subfield code="c">29-07-16</subfield>
  </datafield>
  <datafield tag="949" ind1=" " ind2=" ">
   <subfield code="0">0</subfield>
   <subfield code="1">0</subfield>
   <subfield code="2">ddc</subfield>
   <subfield code="4">0</subfield>
   <subfield code="6">005_000000000000000_ΣΥΜ</subfield>
   <subfield code="7">0</subfield>
   <subfield code="8">KALL</subfield>
   <subfield code="8">663</subfield>
   <subfield code="d">2016-04-13</subfield>
   <subfield code="r">2016-04-13</subfield>
   <subfield code="w">2016-04-13</subfield>
   <subfield code="z">005 ΣΥΜ</subfield>
   <subfield code="o">SEAB KALLIPOS</subfield>
  </datafield>
  <datafield tag="998" ind1=" " ind2=" ">
   <subfield code="a">80</subfield>
   <subfield code="a">01</subfield>
   <subfield code="a">02</subfield>
   <subfield code="a">03</subfield>
   <subfield code="a">04</subfield>
   <subfield code="a">05</subfield>
   <subfield code="a">06</subfield>
   <subfield code="a">07</subfield>
   <subfield code="a">08</subfield>
   <subfield code="a">09</subfield>
   <subfield code="a">10</subfield>
   <subfield code="a">11</subfield>
   <subfield code="a">12</subfield>
   <subfield code="a">13</subfield>
   <subfield code="a">14</subfield>
   <subfield code="a">15</subfield>
   <subfield code="a">16</subfield>
   <subfield code="a">17</subfield>
   <subfield code="a">18</subfield>
   <subfield code="a">19</subfield>
   <subfield code="a">20</subfield>
   <subfield code="a">21</subfield>
   <subfield code="a">22</subfield>
   <subfield code="a">23</subfield>
   <subfield code="a">24</subfield>
   <subfield code="a">25</subfield>
   <subfield code="a">26</subfield>
   <subfield code="b">12-05-17</subfield>
   <subfield code="c">m</subfield>
   <subfield code="d">z  </subfield>
   <subfield code="e">-</subfield>
   <subfield code="f">gre</subfield>
   <subfield code="g">gr </subfield>
   <subfield code="h">0</subfield>
  </datafield>
  <datafield tag="942" ind1=" " ind2=" ">
   <subfield code="2">ddc</subfield>
   <subfield code="c">KALLIPOS</subfield>
  </datafield>
 </record>
</collection>
